000 00599nam a22001817a 4500
005 20140922145221.0
010 _aENG-110884
020 _a9789351431237
_c795.00
035 _aEN-94416
037 _bDBAD/PUB
082 _a343.0721
100 _aSharma, K.K.
245 _aCompetition commission cases :
_cby K.K. Sharma
_ba compendium of CCI cases from 2009 to 2014 /
260 _aGurgaon
_bLexis Nexis
_c2014
270 _a14th Floor, Building No.10, Tower-B, DLF Cyber City, Phase-II
_bGurgaon
_e122002
300 _axxix,357p.
_c24cm(Hb)
942 _2ddc
_cEN
_mSHA
_h343.0721
999 _c88718
_d88718